Testicular tumors: ten year retrospective clinico pathological analysis 1979-1988 at medical college & hospital Rohtak (Haryana) (Record no. 72910)

MARC details
000 -LEADER
fixed length control field 00407nam a2200133Ia 4500
008 - FIXED-LENGTH DATA ELEMENTS--GENERAL INFORMATION
fixed length control field 230917s9999||||xx |||||||||||||| ||und||
040 ## - CATALOGING SOURCE
-- 92730
Original cataloging agency VIVEKANANDA LIBRARY
041 ## - Language
-- English
082 ## - DDC NUMBER
Classification number 616..07 M474T
100 ## - MAIN ENTRY--PERSONAL NAME
Personal name Mehta, Rashmi
245 #0 - TITLE STATEMENT
Title Testicular tumors: ten year retrospective clinico pathological analysis 1979-1988 at medical college & hospital Rohtak (Haryana)
300 ## - PHYSICAL DESCRIPTION
Pages 148 p.
942 ## - ADDED ENTRY ELEMENTS (KOHA)
Koha item type Thesis
Holdings
Withdrawn status Lost status Damaged status Not for loan Location (home branch) Sublocation or collection (holding branch) Shelving location Date acquired Koha issues (times borrowed) Koha full call number Accession No. Koha date last seen Koha item type
        VIVEKANANDA LIBRARY VIVEKANANDA LIBRARY Reference 13/06/2003   616..07 M474T 147022 17/09/2023 Thesis
© Designed and Maintained by Vivekananda Library, MDU Rohtak